Discursos consolatorios /
Obra que reúne cuatro discursos sobre el deceso de tres personajes pronunciados por San Ambrosio de Milán (340-397), obispo, teólogo y predicador, doctor y Padre de la Iglesia. Los dos primeros los pronuncia con motivo de la muerte de su hermano Sátiro y los otros dos, al fallecimiento del emperador...
保存先:
| 第一著者: | |
|---|---|
| その他の著者: | |
| フォーマット: | 図書 |
| 言語: | スペイン語 |
| 出版事項: |
Madrid, España :
Ciudad Nueva,
2011, c2011
|
| シリーズ: | (Fuentes Patrísticas ;
25. |
| 主題: | |
| タグ: |
mujeres
1
|
MARC
| LEADER | 00000nam^a2200000^a^4500 | ||
|---|---|---|---|
| 001 | 000399390 | ||
| 005 | 20250521000000.0 | ||
| 009 | 20260310121550.606 | ||
| 020 | |a 978-84-9715-219-8 | ||
| 037 | |a Acervo ITESO - Biblioteca | ||
| 041 | |a ESP | ||
| 082 | |a 252. 6 |b AMB | ||
| 100 | |a Ambrosio, de Milán, |c Santo |e (autor) | ||
| 245 | 1 | 0 | |a Discursos consolatorios / |c A. de Milán ; ed., introd., notas y tr. por A. López Kindler. |
| 264 | 4 | |a Madrid, España : |b Ciudad Nueva, |c 2011, c2011 | |
| 300 | |a 363 p. | ||
| 336 | |a texto |b txt |2 rdacontenido | ||
| 337 | |a sin mediación |b n |2 rdamedio | ||
| 338 | |a volumen |b nc |2 rdasoporte | ||
| 440 | 1 | |a (Fuentes Patrísticas ; |v 25. |x Textos) | |
| 520 | |a Obra que reúne cuatro discursos sobre el deceso de tres personajes pronunciados por San Ambrosio de Milán (340-397), obispo, teólogo y predicador, doctor y Padre de la Iglesia. Los dos primeros los pronuncia con motivo de la muerte de su hermano Sátiro y los otros dos, al fallecimiento del emperador romano Valentiniano II (371-392) y de Teodocio I El Grande (347-395). | ||
| 521 | |a FIL 2017 EEnlace Departamento de Filosofía y Humanidades | ||
| 546 | |a Edición bilingüe español-latín | ||
| 649 | |a XX | ||
| 650 | |a Duelo | ||
| 650 | |a Muerte | ||
| 650 | |a Sermones Funerarios | ||
| 650 | |a Discursos Funerarios (Oratoria) - |x Tema Principal | ||
| 650 | |a Ritos Funerarios | ||
| 650 | |a Patrística | ||
| 650 | |a Cristianismo | ||
| 650 | |a Religión | ||
| 650 | |a Sátiro | ||
| 650 | |a Valentiniano II, |c Emperador de Roma | ||
| 650 | |a Teodocio I, El Grande, |c Emperador de Roma | ||
| 700 | |a López Kindler, Agustín |e (edición) | ||
| 910 | |a Fondo General | ||
| 920 | |a Impresos - Libros | ||
| 930 | |a Colección General | ||
| 905 | |a 101 | ||
| 901 | |a 0500294647 |b IT1 |c ACC |i c157636 |u 20250521 | ||
| 902 | |a https://opac.biblio.iteso.mx/vufind/Record/000399390 | ||